Tous les Podiums du Ballon d'Or - Statistiques

Statistiques générales
  • Ce quiz a été pris 1 333 fois
    359 depuis la dernière actualisation
  • Le résultat moyen est 57 sur 122
Statistiques - réponses
Joueurs % Correct
Lionel Messi
99%
Cristiano Ronaldo
98%
Ronaldo Nazario
98%
Karim Benzema
96%
Ousmane Dembélé
96%
Luka Modric
93%
Kylian Mbappé
92%
Rodri
92%
Lamine Yamal
90%
Ronaldinho
90%
Zinédine Zidane
90%
Kaka
89%
Vinicius Junior
88%
Andrés Iniesta
86%
Antoine Griezmann
86%
Fabio Cannavaro
86%
Franck Ribéry
86%
Manuel Neuer
86%
Michel Platini
86%
Robert Lewandowski
86%
Vitinha
86%
Xavi
85%
Erling Haaland
82%
Neymar
82%
Thierry Henry
80%
Virgil Van Dijk
78%
Luís Figo
77%
Pavel Nedvěd
77%
Sadio Mané
77%
Andriy Shevchenko
75%
Gianluigi Buffon
75%
Luigi Riva
75%
Jean-Pierre Papin
74%
Michael Owen
74%
Rivaldo
74%
Marco Van Basten
71%
D. Edwards / R. Kopa
68%
Jude Bellingham
68%
Raymond Kopa
68%
George Weah
66%
Gerd Müller
66%
Alfredo Di Stéfano
64%
Johan Cruyff
64%
Franz Beckenbauer
63%
Jorginho
63%
Luis Suárez
63%
Oliver Kahn
63%
Paolo Maldini
62%
Ruud Gullit
62%
Kevin De Bruyne
60%
Eusébio
56%
Frank Lampard
54%
Roberto Baggio
54%
Roberto Carlos
54%
David Beckham
53%
Steven Gerrard
53%
Fernando Torres
52%
Lev Yachine
51%
D. Pančev / L. Matthäus / D. Savićević
50%
Lothar Matthäus
50%
Matthias Sammer
50%
George Best
49%
Bobby Charlton
47%
Deco
41%
Eric Cantona
40%
Ferenc Puskás
40%
Just Fontaine
40%
Paolo Rossi
40%
Hristo Stoitchkov
37%
Karl-Heinz Rummenigge
37%
Stanley Matthews
37%
Davor Šuker
36%
Frank Rijkaard
32%
Alain Giresse
31%
Dennis Bergkamp
31%
Kevin Keegan
31%
Raúl
30%
Denis Law
29%
Igor Belanov
29%
Gianni Rivera
26%
Flórián Albert
25%
Jean Tigana
25%
Oleg Blokhine
24%
Alan Shearer
23%
Josef Masopust
23%
Allan Simonsen
22%
Franco Baresi
22%
Bobby Moore
20%
Jari Litmanen
20%
Omar Sívori
17%
Jürgen Klinsmann
16%
Predrag Mijatović
16%
Gary Lineker
15%
Dino Zoff
14%
Emilio Butragueño
14%
Kenny Dalglish
14%
Andreas Brehme
11%
Preben Elkjær-Larsen
10%
Bernd Schuster
9%
Paul Breitner
9%
Zbigniew Boniek
8%
Salvatore Schillaci
7%
Hans Krankl
5%
Paulo Futre
5%
Rob Rensenbrink
5%
Uwe Seeler
5%
Amancio Amaro
4%
Billy Wright
4%
Helmut Rahn
4%
Ivo Viktor
4%
Ruud Krol
4%
Dragan Džajić
3%
Giacinto Facchetti
3%
John Charles
3%
Günter Netzer
2%
Kazimierz Deyna
2%
Sandro Mazzola
2%
Jimmy Greaves
1%
Jimmy Johnstone
1%
Karl-Heinz Schnellinger
1%
Johnny Haynes
0%
Aucun quiz correspondant
Distribution des résultats
% des personnes avec chaque résultat
Percentile par nombre de réponses
Votre historique - résultats
Vous n’avez pas pris ce quiz depuis la dernière actualisation